Normal view
MARC view
- Gilbertson, Oswald I
Entry Personal Name
001 - CONTROL NUMBER
- control field: 102957
003 - CONTROL NUMBER IDENTIFIER
- control field: NUST
005 - DATE AND TIME OF LATEST TRANSACTION
- control field: 20221117164215.0
008 - FIXED-LENGTH DATA ELEMENTS
- fixed length control field: 221117|| aca||aabn | a|a d
040 ## - CATALOGING SOURCE
- Original cataloging agency: NUST
- Transcribing agency: NUST
100 ## - HEADING--PERSONAL NAME
- Personal name: Gilbertson, Oswald I
670 ## - SOURCE DATA FOUND
- Source citation: Work cat.: (NUST)180137: Gilbertson, Oswald I., Electrical cables for power and signal transmission /, c2000.
